<?xml version="1.0" encoding="UTF-8"?>
<record
    xmlns:xsi="http://www.w3.org/2001/XMLSchema-instance"
    xsi:schemaLocation="http://www.loc.gov/MARC21/slim http://www.loc.gov/standards/marcxml/schema/MARC21slim.xsd"
    xmlns="http://www.loc.gov/MARC21/slim">

  <leader>02641njm a2200469Ia 4500</leader>
  <controlfield tag="001">25880</controlfield>
  <controlfield tag="003">IT-RoPAU</controlfield>
  <controlfield tag="005">20220918181121.0</controlfield>
  <controlfield tag="008">131025s9999    xx            000 0 und d</controlfield>
  <datafield tag="040" ind1=" " ind2=" ">
    <subfield code="a">IT-RoPAU</subfield>
  </datafield>
  <datafield tag="040" ind1=" " ind2=" ">
    <subfield code="c">IT-RoPAU</subfield>
  </datafield>
  <datafield tag="999" ind1=" " ind2=" ">
    <subfield code="c">99785</subfield>
    <subfield code="d">99785</subfield>
  </datafield>
  <datafield tag="999" ind1=" " ind2=" ">
    <subfield code="b">SI</subfield>
  </datafield>
  <datafield tag="100" ind1=" " ind2=" ">
    <subfield code="a">AA.VV.</subfield>
    <subfield code="9">794</subfield>
  </datafield>
  <datafield tag="100" ind1=" " ind2=" ">
    <subfield code="e">Autore musica</subfield>
    <subfield code="9">14658</subfield>
  </datafield>
  <datafield tag="100" ind1=" " ind2=" ">
    <subfield code="g">Codice autore musica SPICS: 12000</subfield>
    <subfield code="9">796</subfield>
  </datafield>
  <datafield tag="245" ind1=" " ind2=" ">
    <subfield code="a">Monk On Riverside 1955-57, vol. 02</subfield>
  </datafield>
  <datafield tag="250" ind1=" " ind2=" ">
    <subfield code="a">2a ed.</subfield>
  </datafield>
  <datafield tag="260" ind1=" " ind2=" ">
    <subfield code="a">MILANO</subfield>
  </datafield>
  <datafield tag="260" ind1=" " ind2=" ">
    <subfield code="b">RIVERSIDE RECORDS</subfield>
    <subfield code="c">1984 [1a Ed.:1956 - Ed. Lingua Orig.: 1956]</subfield>
  </datafield>
  <datafield tag="300" ind1=" " ind2=" ">
    <subfield code="a">DISCO</subfield>
  </datafield>
  <datafield tag="300" ind1=" " ind2=" ">
    <subfield code="c">37 minuti (Testo:  pag.)</subfield>
  </datafield>
  <datafield tag="500" ind1=" " ind2=" ">
    <subfield code="a">Musica jazz</subfield>
  </datafield>
  <datafield tag="505" ind1=" " ind2=" ">
    <subfield code="a">Tea For Two [(17 marzo e 3 aprile 1956) (6:00)] - You Are Too Beautiful [(17 marzo e 3 aprile 1956) (5:00)] - Just You, Just Me [(17 marzo e 3 aprile 1956) (8:00)] - Liza [(17 marzo e 3 aprile 1956) (4:00)] - Memories of You [(17 marzo e 3 aprile 1956) (5:00)] - Honeysuckle Rose [(17 marzo e 3 aprile 1956) (6:00)] - Darn That Dream [(17 marzo e 3 aprile 1956) (7:00)]</subfield>
  </datafield>
  <datafield tag="511" ind1=" " ind2=" ">
    <subfield code="a">Monk Theolonius: piano; Pettiford Oscar: basso; Blakey Art: drums</subfield>
  </datafield>
  <datafield tag="650" ind1=" " ind2=" ">
    <subfield code="a">JAZZ [DISCHI]</subfield>
    <subfield code="e">Codice MATERIA SPICS: 9950</subfield>
    <subfield code="9">14659</subfield>
  </datafield>
  <datafield tag="700" ind1=" " ind2=" ">
    <subfield code="a">Monk Thelonious</subfield>
    <subfield code="g">Codice interprete SPICS: 10795</subfield>
    <subfield code="e">Interprete</subfield>
    <subfield code="9">14660</subfield>
  </datafield>
  <datafield tag="700" ind1=" " ind2=" ">
    <subfield code="a">Youmans Vincent</subfield>
    <subfield code="g">Codice autore musica SPICS: 16157</subfield>
    <subfield code="e">Autore musica</subfield>
    <subfield code="p">Tea For Two</subfield>
    <subfield code="9">14661</subfield>
  </datafield>
  <datafield tag="700" ind1=" " ind2=" ">
    <subfield code="a">Caesar Irving</subfield>
    <subfield code="g">Codice autore SPICS: 20298</subfield>
    <subfield code="e">Autore</subfield>
    <subfield code="p">Tea For Two</subfield>
    <subfield code="9">14662</subfield>
  </datafield>
  <datafield tag="700" ind1=" " ind2=" ">
    <subfield code="a">Rodgers Richard</subfield>
    <subfield code="g">Codice autore musica SPICS: 11120</subfield>
    <subfield code="e">Autore musica</subfield>
    <subfield code="p">You Are Too Beautiful</subfield>
    <subfield code="9">14663</subfield>
  </datafield>
  <datafield tag="700" ind1=" " ind2=" ">
    <subfield code="a">Hart Lorenz</subfield>
    <subfield code="g">Codice autore SPICS: 10738</subfield>
    <subfield code="e">Autore musica</subfield>
    <subfield code="p">You Are Too Beautiful</subfield>
    <subfield code="9">14664</subfield>
  </datafield>
  <datafield tag="700" ind1=" " ind2=" ">
    <subfield code="a">Greer J.</subfield>
    <subfield code="g">Codice autore musica SPICS: 15946</subfield>
    <subfield code="e">Autore musica</subfield>
    <subfield code="p">Just You, Just Me</subfield>
    <subfield code="9">14665</subfield>
  </datafield>
  <datafield tag="700" ind1=" " ind2=" ">
    <subfield code="a">Klages</subfield>
    <subfield code="g">Codice autore SPICS: 27923</subfield>
    <subfield code="e">Autore</subfield>
    <subfield code="p">Just You, Just Me</subfield>
    <subfield code="9">14666</subfield>
  </datafield>
  <datafield tag="700" ind1=" " ind2=" ">
    <subfield code="a">Gershwin George</subfield>
    <subfield code="g">Codice autore musica SPICS: 10668</subfield>
    <subfield code="e">Autore musica</subfield>
    <subfield code="p">Liza</subfield>
    <subfield code="9">14667</subfield>
  </datafield>
  <datafield tag="700" ind1=" " ind2=" ">
    <subfield code="a">Kahn</subfield>
    <subfield code="g">Codice autore SPICS: 19977</subfield>
    <subfield code="e">Autore</subfield>
    <subfield code="p">Liza</subfield>
    <subfield code="9">14668</subfield>
  </datafield>
  <datafield tag="700" ind1=" " ind2=" ">
    <subfield code="a">Gershwin Ira</subfield>
    <subfield code="g">Codice autore testo/musica SPICS: 10501</subfield>
    <subfield code="e">Autore testo/musica</subfield>
    <subfield code="p">Liza</subfield>
    <subfield code="9">14669</subfield>
  </datafield>
  <datafield tag="700" ind1=" " ind2=" ">
    <subfield code="a">Razaf Andy</subfield>
    <subfield code="g">Codice autore musica SPICS: 10573</subfield>
    <subfield code="e">Autore musica</subfield>
    <subfield code="p">Memories of You - Honeysuckle Rose</subfield>
    <subfield code="9">14670</subfield>
  </datafield>
  <datafield tag="700" ind1=" " ind2=" ">
    <subfield code="a">Blake Eubie</subfield>
    <subfield code="g">Codice autore SPICS: 10551</subfield>
    <subfield code="e">Autore</subfield>
    <subfield code="p">Memories of You</subfield>
    <subfield code="9">14671</subfield>
  </datafield>
  <datafield tag="700" ind1=" " ind2=" ">
    <subfield code="a">Waller Thomas Fats</subfield>
    <subfield code="g">Codice autore musica SPICS: 15948</subfield>
    <subfield code="e">Autore musica</subfield>
    <subfield code="p">Honeysuckle Rose</subfield>
    <subfield code="9">14672</subfield>
  </datafield>
  <datafield tag="700" ind1=" " ind2=" ">
    <subfield code="a">De Lange E.</subfield>
    <subfield code="g">Codice autore musica SPICS: 20736</subfield>
    <subfield code="e">Autore musica</subfield>
    <subfield code="p">Darn That Dream</subfield>
    <subfield code="9">14673</subfield>
  </datafield>
  <datafield tag="700" ind1=" " ind2=" ">
    <subfield code="a">Van Heusen Jimmy</subfield>
    <subfield code="g">Codice autore SPICS: 15744</subfield>
    <subfield code="e">Autore</subfield>
    <subfield code="p">Darn That Dream</subfield>
    <subfield code="9">14674</subfield>
  </datafield>
  <datafield tag="942" ind1=" " ind2=" ">
    <subfield code="c">MD</subfield>
    <subfield code="2">ddc</subfield>
  </datafield>
  <datafield tag="952" ind1=" " ind2=" ">
    <subfield code="0">0</subfield>
    <subfield code="1">0</subfield>
    <subfield code="4">0</subfield>
    <subfield code="6">25880_000000000000000</subfield>
    <subfield code="7">1</subfield>
    <subfield code="a">SPICS</subfield>
    <subfield code="b">SPICS</subfield>
    <subfield code="d">2013-10-25</subfield>
    <subfield code="l">0</subfield>
    <subfield code="o">25880</subfield>
    <subfield code="r">2013-10-25 00:00:00</subfield>
    <subfield code="w">2013-10-25</subfield>
    <subfield code="y">MD</subfield>
    <subfield code="z">Progr. Ins.: 5753 / N.Vol.: 1 / Copie: 1 - Copia rara: SI / date import: 01.01.2014 - By Epidotti, Trombetti, Vaglietti</subfield>
  </datafield>
</record>
